Statistics for 12 Months in 15 Seconds

Click here to take the quiz!

General Stats

  • This quiz has been taken 278 times
  • The average score is 7 of 12

Answer Stats

Answer% Correct
January
92%
March
76%
June
71%
May
71%
April
69%
February
67%
July
65%
August
51%
September
36%
October
33%
November
24%
December
20%

Score Distribution

Percentile by Number Answered

Percent of People with Each Score

Your Score History

You have not taken this quiz